Principles of economics / (Record no. 20955)
[ view plain ]
| 000 -LEADER | |
|---|---|
| fixed length control field | 00906cam a22002895a 4500 |
| 001 - CONTROL NUMBER | |
| control field | 016955186 |
| 003 - CONTROL NUMBER IDENTIFIER | |
| control field | OSt |
| 005 - DATE AND TIME OF LATEST TRANSACTION | |
| control field | 20201128023610.0 |
| 008 - FIXED-LENGTH DATA ELEMENTS--GENERAL INFORMATION | |
| fixed length control field | 141106t2015 enka frbd 001 0 eng d |
| 020 ## - INTERNATIONAL STANDARD BOOK NUMBER | |
| International Standard Book Number | 9781473704848 (pbk.) |
| 040 ## - CATALOGING SOURCE | |
| Original cataloging agency | StDuBDS |
| Language of cataloging | eng |
| Transcribing agency | StDuBDS |
| Modifying agency | EG-ScBUE |
| -- | EG-ScBUE |
| 082 04 - DEWEY DECIMAL CLASSIFICATION NUMBER | |
| Classification number | 330 |
| Edition number | 22 |
| Item number | MAN |
| 100 1# - MAIN ENTRY--PERSONAL NAME | |
| Personal name | Mankiw, N. Gregory. |
| 9 (RLIN) | 10263 |
| 245 10 - TITLE STATEMENT | |
| Title | Principles of economics / |
| Statement of responsibility, etc | N. Gregory Mankiw, Mohamed H. Rashwan. |
| 250 ## - EDITION STATEMENT | |
| Edition statement | 2nd ed., Arab world ed. |
| 260 ## - PUBLICATION, DISTRIBUTION, ETC. (IMPRINT) | |
| Place of publication, distribution, etc | Hampshire : |
| Name of publisher, distributor, etc | Cengage Learning EMEA, |
| Date of publication, distribution, etc | c.2015. |
| 300 ## - PHYSICAL DESCRIPTION | |
| Extent | xvii, 675 p. : |
| Other physical details | ill. ; |
| Dimensions | 25 cm. |
| 500 ## - GENERAL NOTE | |
| General note | Glossary : p. 663-668. |
| 500 ## - GENERAL NOTE | |
| General note | Index : p. 671-675. |
| 504 ## - BIBLIOGRAPHY, ETC. NOTE | |
| Bibliography, etc | Includes bibliographical references. |
| 650 #7 - SUBJECT ADDED ENTRY--TOPICAL TERM | |
| Topical term or geographic name as entry element | Economics. |
| Source of heading or term | BUEsh |
| 9 (RLIN) | 720 |
| 651 ## - SUBJECT ADDED ENTRY--GEOGRAPHIC NAME | |
| Source of heading or term | BUEsh |
| 653 ## - INDEX TERM--UNCONTROLLED | |
| Resource For college | BAEPS, Economics |
| Arrived date list | October2015 |
| -- | October2016 |
| 655 ## - INDEX TERM--GENRE/FORM | |
| Form subdivision | Text book |
| -- | 33728 |
| 700 1# - ADDED ENTRY--PERSONAL NAME | |
| Personal name | Rashwan, Mohamed H. |
| 9 (RLIN) | 31028 |
| 942 ## - ADDED ENTRY ELEMENTS (KOHA) | |
| Source of classification or shelving scheme | Dewey Decimal Classification |
| Withdrawn status | Item status | Source of classification or shelving scheme | Damaged status | Not for loan | Vendor | Home library | Current library | Shelving location | Date acquired | Source of acquisition | Total Checkouts | Full call number | Barcode | Date last seen | Koha item type | Total Renewals | Date last borrowed | Checked out | Materials specified (bound volume or other part) |
|---|---|---|---|---|---|---|---|---|---|---|---|---|---|---|---|---|---|---|---|
| Dewey Decimal Classification | Baccah | Central Library | Central Library | First floor | 22/10/2015 | Purchase | 330 MAN | 000031108 | 15/07/2025 | NB - Book (Non borrowing) | |||||||||
| Dewey Decimal Classification | Baccah | Central Library | Central Library | First floor | 22/10/2015 | Purchase | 12 | 330 MAN | 000031109 | 15/07/2025 | Book - Borrowing | 43 | 01/12/2020 | ||||||
| Dewey Decimal Classification | Baccah | Central Library | Central Library | First floor | 22/10/2015 | Purchase | 15 | 330 MAN | 000031110 | 15/07/2025 | Book - Borrowing | 75 | 03/10/2023 | ||||||
| Dewey Decimal Classification | Baccah | Central Library | Central Library | First floor | 22/10/2015 | Purchase | 8 | 330 MAN | 000031111 | 03/10/2023 | Book - Borrowing | 26 | 03/10/2023 | 22/11/2023 | |||||
| Dewey Decimal Classification | Baccah | Central Library | Central Library | First floor | 04/10/2016 | Purchase | 2 | 330 MAN | 000033831 | 15/07/2025 | Book - Borrowing | 5 | 21/01/2018 | ||||||
| Lost | Dewey Decimal Classification | Baccah | Central Library | Central Library | First floor | 04/10/2016 | Purchase | 9 | 330 MAN | 000033832 | 24/08/2022 | Book - Borrowing | 32 | 05/05/2019 | Lost_In_Inventory_12-2-2024 |